L'eglise primitive face au divorce : du premier au cinquieme siecle

Αποθηκεύτηκε σε:
Λεπτομέρειες βιβλιογραφικής εγγραφής
Κύριος συγγραφέας: Crouzel, Henri
Μορφή: Βιβλίο
Γλώσσα:French
Δημοσίευση: Paris : Beauchesne, 1971
Σειρά:Theologie historique ; ; 13
Θέματα:
Ετικέτες: Προσθήκη ετικέτας
Δεν υπάρχουν, Καταχωρήστε ετικέτα πρώτοι!

MARC

LEADER 00000nam a2200000 i 4500
001 1/11274
008 970917s1971 fre d
035 |1 ΠΑΡ  |a 1997  |l 10018194 
040 |a GR-MY-UA  |b gre  |e aacr 
041 0 |a fre 
082 0 |a 291.563 
100 1 |a Crouzel, Henri. 
245 1 0 |a L'eglise primitive face au divorce :  |b du premier au cinquieme siecle /  |c Henri Crouzel 
260 |a Paris :   |b Beauchesne,   |c 1971 
490 1 |a Theologie historique  |v ; 13 
650 0 0 |a Divorce (Canon law) 
650 0 0 |a Remarriage  |x Religious aspects  |x Christianity. 
830 0 |a Theologie historique ;  |v ; 13 
852 |a INST  |b LESVOS  |e 19970917  |h 291.563 CRO  |p 005100006366  |q 005100006366  |t BK  |y 0 
909 |a Λ  |b 034440 
922 |a 1ΠΑΡ  |b 199402  |c 43/ΣΤΑΜΑΤΟΓΙΑΝΝΟΠΟΥΛΟΥ 
970 |z 1999/07/19  |a ΚΑΜΑΤΣΟΥ  |b ΔΕΣΠΟΙΝΑ